Film music analysis for educational practice
Elmentve itt :
| Szerző: | |
|---|---|
| Testületi szerző: | |
| Dokumentumtípus: | Könyv része |
| Megjelent: |
SZTE JGYPK Művészeti Intézet Ének-zene Tanszék
Szeged
2024
|
| Sorozat: | A Juhász Gyula Pedagógusképző Kar Ének-Zene Tanszékének kiadványai
Brun (145) - Gershwin (125) - Kadosa (120) : tanulmánykötet Nemzetközi Zenei Konferencia |
| Kulcsszavak: | Filmzene, Zenei nevelés |
| Tárgyszavak: | |
| Online Access: | http://acta.bibl.u-szeged.hu/84650 |
| LEADER | 01154naa a2200265 i 4500 | ||
|---|---|---|---|
| 001 | acta84650 | ||
| 005 | 20260312143549.0 | ||
| 008 | 240410s2024 hu o 100 eng d | ||
| 020 | |a 978-963-648-031-8 | ||
| 040 | |a SZTE Egyetemi Kiadványok Repozitórium |b hun | ||
| 041 | |a eng | ||
| 100 | 1 | |a Musil Ondrej | |
| 245 | 1 | 0 | |a Film music analysis for educational practice |h [elektronikus dokumentum] / |c Musil Ondrej |
| 260 | |a SZTE JGYPK Művészeti Intézet Ének-zene Tanszék |b Szeged |c 2024 | ||
| 300 | |a 109-123 | ||
| 490 | 0 | |a A Juhász Gyula Pedagógusképző Kar Ének-Zene Tanszékének kiadványai | |
| 490 | 0 | |a Brun (145) - Gershwin (125) - Kadosa (120) : tanulmánykötet | |
| 490 | 0 | |a Nemzetközi Zenei Konferencia | |
| 650 | 4 | |a Társadalomtudományok | |
| 650 | 4 | |a Oktatástudomány | |
| 650 | 4 | |a Bölcsészettudományok | |
| 650 | 4 | |a Művészetek (művészetek, művészettörténet, előadóművészetek, zene) | |
| 695 | |a Filmzene, Zenei nevelés | ||
| 711 | |a Zenei évfordulók, új zenepedagógiai kutatások |c Szeged |d 2023. október 3-4. | ||
| 856 | 4 | 0 | |u http://acta.bibl.u-szeged.hu/84650/1/enek_zene_tanszek_2024_109-123.pdf |z Dokumentum-elérés |